Nazwij pasujące państwo #2 - Statystyki

Ogólne statystyki
  • Ten quiz został rozwiązany 144 razy
    44 od ostatniego zresetowania
  • Średni wynik to 13 z 15
Statystyki odpowiedzi
Nazwij pasujące państwo Państwo % Poprawnych
Które jest jednym z 10 najczęściej zgadywanych państw w quizie "Państwa Świata" Chiny / Czechy / Francja / Hiszpania / Kanada / Niemcy / Polska / Rosja / Stany Zjednoczone / Ukraina
100%
Które graniczy z Arabią Saudyjską Irak / Jemen / Jordania / Katar / Kuwejt / Oman / Zjednoczone Emiraty Arabskie
97%
Które zaczyna się na literę U Uganda / Ukraina / Urugwaj / Uzbekistan
97%
Które leży w Azji i zaczyna się na I Irak / Iran / Indie / Indonezja / Izrael
95%
Które nie leży w Europie i występuje (lub brało udział) w Eurowizji Armenia / Australia / Azerbejdżan / Cypr / Gruzja / Izrael / Maroko / Turcja
92%
Które graniczy z terytoriami Wielkiej Brytanii Cypr / Hiszpania / Irlandia
92%
Które odzyskało niepodległość od Rosji w 1918 roku Estonia / Finlandia / Litwa / Łotwa / Polska
92%
Które graniczy z państwami nordyckimi Kanada / Niemcy / Rosja
92%
Które jest państwem wyspiarskim i leży w Afryce Komory / Madagaskar / Mauritius / Republika Zielonego Przylądka / Seszele / Wyspy Świętego Tomasza i Książęca
92%
Które leży nad jeziorem Czad Czad / Kamerun / Niger / Nigeria
89%
Które graniczy z Ameryką Południową Panama
87%
Które graniczy z Morzem Kaspijskim Azerbejdżan / Iran / Kazachstan / Rosja / Turkmenistan
84%
Które ma terytoria na Oceanie Indyjskim Australia / Francja / Wielka Brytania
74%
Którego Stolica zaczyna się na literę F Sierra Leone / Tuvalu
37%
Którego walutą jest bitcoin Republika Środkowoafrykańska / Salwador
34%
Nie znaleziono quizów pasujących do podanych kryteriów
Rozkład punktacji
Procent ludzi z każdym wynikiem
Percentyl według liczby udzielonych odpowiedzi
Twoja historia wyników
Nie rozwiązałeś tego quizu od ostatniego zresetowania